000 00819nam a22002177a 4500
999 _c1383
_d1383
003 AR-CdUCM
008 190226b ||||| |||| 00| 0 spa d
020 _a9972605
040 _aMUNICIPALIDAD PROVINCIAL DEL CUSCO
_cBIBLIOTECA MUNICIPAL DEL CUSCO
082 _a343.81 /
_bS25
100 _aSanta Maria Calderón, Luis
_95269
245 _aLegislación y jurisprudencia Municipal :
_bcompendio legislativo /
260 _aTrujillo :
_bNormas Legales ,
_c2000.
300 _a711 + XXVII páginas ;
_c25 cm.
505 _aMarco constitucional, definiciones y alcances -- Funciones especificas -- Actividad empresarial -- Sistema nacional de defensa civil...
650 _aLegislación.
_92962
650 _aJurisprudencia.
_9927
650 _aLeyes peruanas.
_95270
942 _2ddc
_cLIBROS
945 _awfj
_d2019-02-26